The myth of the Magus /

Saved in:
Bibliographic Details
Main Author: Butler, E. M. (Eliza Marian), 1885-
Format: Book
Language:English
Published: London : Cambridge University Press, 1979.
Subjects:
LEADER 00880cam a2200241 a 4500
001 c000218599
003 CARM
005 20060531141439.0
008 811118s1979 enka 001 0 eng d
019 1 |a 40265321  |5 LACONCORD2021 
020 |a 0521225647 
035 |a (OCoLC)5063114  |5 LACONCORD2021 
040 |a NWU 
100 1 |a Butler, E. M.  |q (Eliza Marian),  |d 1885- 
245 1 4 |a The myth of the Magus /  |c by E. M. Butler. 
260 |a London :  |b Cambridge University Press,  |c 1979. 
300 |a xi, 281 p. :  |b ill. ;  |c 22 cm. 
500 |a Includes bibliographical references. 
500 |a First published: 1948. 
650 0 |a Magic  |x History. 
852 8 |b CARM  |h A2:AL26A0  |i B06187  |p 0310065  |f BK 
999 f f |i 1206c8d9-e9e1-5a3e-a78b-601650060c5b  |s 35037c69-4235-5d8e-adac-ce46adefba73 
952 f f |p Can circulate  |a CAVAL  |b CAVAL  |c CAVAL  |d CARM 1 Store  |e B06187  |f A2:AL26A0  |h Other scheme  |i book  |m 0310065